| 000 | 00881nam a22002775a 4500 | ||
|---|---|---|---|
| 003 | EG-ScBUE | ||
| 005 | 20220410115728.0 | ||
| 008 | 180930s1960 mdu f b 001 0 eng d | ||
| 040 |
_aEG-ScBUE _beng _erda _cEG-ScBUE _dEG-ScBUE |
||
| 082 | 0 | 4 |
_a401 _bPOT _222 |
| 100 | 1 |
_aPotter, Simeon, _d1898-1976, _eauthor. |
|
| 245 | 1 | 0 |
_aLanguage in the modern world / _cSimeon Potter. |
| 264 | 1 |
_aBaltimore : _bPenguin Books, _c[1960] |
|
| 300 |
_a220 pages ; _c19 cm. |
||
| 336 |
_2rdacontent _atext _btxt |
||
| 337 |
_2rdamedia _aunmediated _bn |
||
| 338 |
_2rdacarrier _avolume _bnc |
||
| 490 | 0 | _aPelican book | |
| 504 | _aIncludes bibliographical references and index. | ||
| 650 | 7 |
_aLanguage and languages. _2BUEsh |
|
| 651 | _2BUEsh | ||
| 653 |
_bHHUUEENN _cSeptember2018 |
||
| 655 |
_vReading book _934232 |
||
| 942 |
_2ddc _cBB |
||
| 999 |
_c3541 _d3541 |
||